000 00262nam a2200109Ia 4500
005 20251222155044.0
008 251222s9999||||xx |||||||||||||| ||spa||
082 _aETI. 09
100 _aVARGA, Andrew.
245 0 _aBioEtica - Principales Problemas
942 _cLIB
999 _c37026
_d37026